Kody ICAO #1 (Polska) - Statystyki

Ogólne statystyki
  • Ten quiz został rozwiązany 63 razy
  • Średni wynik to 6 z 15
Statystyki odpowiedzi
ICAO Nazwa Lotniska % Poprawnych
EPWA Warszawa-Okęcie
85%
EPKK Kraków-Balice
65%
EPKT Katowice-Pyrzowice
58%
EPMO Warszawa-Modlin
58%
EPRZ Rzeszów-Jasionka
48%
EPPO Poznań-Ławica
46%
EPLL Łódź
44%
EPLB Lublin
42%
EPRA Radom
38%
EPSC Szczecin-Goleniów
35%
EPZG Zielona Góra-Babimost
33%
EPWR Wrocław-Starachowice
29%
EPGD Gdańsk-Rębiechowo
27%
EPSY Olsztyn-Mazury
15%
EPBY Bydgoszcz-Szwederowo
10%
Nie znaleziono quizów pasujących do podanych kryteriów
Rozkład punktacji
Procent ludzi z każdym wynikiem
Percentyl według liczby udzielonych odpowiedzi
Twoja historia wyników
Nie rozwiązałeś tego quizu